| 000 | 00318nam a22001217a 4500 | ||
|---|---|---|---|
| 008 | 230629b xxu||||| |||| 00| 0 eng d | ||
| 082 |
_a335.4 _bDJI |
||
| 100 | _cMilovan Djilas | ||
| 245 |
_aThe New Class _bAn Analysis of the Communist System |
||
| 260 |
_aLondon _bUnwin Books _c1966 |
||
| 300 | _a190p | ||
| 942 |
_2ddc _cBK |
||
| 999 |
_c2961 _d2961 |
||